000 00271nam a22001217a 4500
008 190312b xxu||||| |||| 00| 0 eng d
041 _aeng
080 _a043.3
100 _a0
101 _aSHKI-BA
245 _aSistemi i Sigurise ne kompani
_cLoku,I
942 _2udc
_cBK
999 _c54718
_d54718